Станции метро Серой ветки Москвы - Statistics

General Stats
  • This quiz has been taken 49 times
  • The average score is 17 of 24
Answer Stats
Название % Correct
Бульвар Дмитрия Донского
89%
Аннино
87%
Алтуфьево
82%
Цветной бульвар
82%
Пражская
82%
Чертановская
79%
Улица Академика Янгеля
79%
Южная
76%
Бибирево
74%
Тимирязевская
74%
Нагатинская
74%
Владыкино
71%
Петровско-Разумовская
71%
Менделеевская
71%
Чеховская
71%
Тульская
71%
Боровицкая
68%
Полянка
68%
Отрадное
66%
Савёловская
66%
Севастопольская
66%
Нахимовский проспект
58%
Дмитровская
55%
Добрынинская
39%
No matching quizzes found
Score Distribution
Percent of People with Each Score
Percentile by Number Answered
Your Score History
You have not taken this quiz